[Event "DEM U14 2019"]
[Site "Willingen GER"]
[Date "2019.06.09"]
[Round "2"]
[White "Schulemann, Gero"]
[Black "Rockmann, Enno"]
[Result "1-0"]
[Termination "normal"]
[Board "15"]
[WhiteElo "1862"]
[BlackElo "1527"]
[WhiteClock "00:51:27"]
[BlackClock "01:03:04"]
[PlyCount "67"]
[WhiteFideId "16227646"]
[BlackFideId "12982920"]
[EventCountry "GER"]
[EventRounds "9"]
[EventType "swiss"]
[EventDate "2019.06.08"]

1. e4 {[%clk 1:31:21]} 1... e6 {[%clk 1:30:57]} 2. d4 {[%clk 1:31:21]} 2... d5
{[%clk 1:31:25]} 3. Nd2 {[%clk 1:31:29]} 3... c5 {[%clk 1:31:30]} 4. c3 { [%clk
1:28:40]} 4... Nc6 {[%clk 1:31:06]} 5. Ngf3 {[%clk 1:23:38]} 5... Qb6 { [%clk
1:30:53]} 6. exd5 {[%clk 1:22:22]} 6... exd5 {[%clk 1:31:18]} 7. Nb3 { [%clk
1:21:31]} 7... c4 {[%clk 1:30:37]} 8. Nbd2 {[%clk 1:21:36]} 8... Nf6 { [%clk
1:30:49]} 9. Be2 {[%clk 1:20:50]} 9... Bd6 {[%clk 1:30:23]} 10. O-O { [%clk
1:20:34]} 10... O-O {[%clk 1:30:44]} 11. Re1 {[%clk 1:19:36]} 11... Qc7 { [%clk
1:30:00]} 12. Nf1 {[%clk 1:19:04]} 12... Ne4 {[%clk 1:29:32]} 13. Bxc4 { [%clk
1:17:38]} 13... Nxf2 {[%clk 1:29:36]} 14. Kxf2 {[%clk 1:17:54]} 14... dxc4
{[%clk 1:30:03]} 15. Kg1 {[%clk 1:17:32]} 15... Bg4 {[%clk 1:30:17]} 16. Be3
{[%clk 1:15:46]} 16... Rfe8 {[%clk 1:27:54]} 17. h3 {[%clk 1:10:31]} 17... Bh5
{[%clk 1:27:26]} 18. Bf2 {[%clk 1:08:37]} 18... Rxe1 {[%clk 1:27:26]} 19. Bxe1
{[%clk 1:08:49]} 19... Re8 {[%clk 1:27:52]} 20. Bf2 {[%clk 1:08:18]} 20... Qe7
{[%clk 1:19:21]} 21. Ne3 {[%clk 1:05:30]} 21... Bf4 {[%clk 1:16:20]} 22. Nxc4
{[%clk 1:00:56]} 22... b5 {[%clk 1:15:33]} 23. Na3 {[%clk 0:59:28]} 23... Be3
{[%clk 1:14:07]} 24. Qe2 {[%clk 0:56:52]} 24... b4 {[%clk 1:12:41]} 25. Nc4
{[%clk 0:55:53]} 25... Bxf2+ {[%clk 1:08:08]} 26. Qxf2 {[%clk 0:56:10]} 26...
Bxf3 {[%clk 1:07:23]} 27. Qxf3 {[%clk 0:55:45]} 27... Qd7 {[%clk 1:05:49]} 28.
d5 {[%clk 0:54:16]} 28... bxc3 {[%clk 1:04:34]} 29. bxc3 {[%clk 0:53:28]} 29...
Ne5 {[%clk 1:03:59]} 30. Nxe5 {[%clk 0:52:04]} 30... Rxe5 {[%clk 1:04:19]} 31.
Rb1 {[%clk 0:51:44]} 31... h6 {[%clk 1:04:06]} 32. c4 {[%clk 0:51:17]} 32...
Qc7 {[%clk 1:03:50]} 33. Qd3 {[%clk 0:51:09]} 33... Qa5 {[%clk 1:03:04]} 34.
Rb8+ {[%clk 0:51:27]} 1-0

[Event "DEM U14 2019"]
[Site "Willingen GER"]
[Date "2019.06.09"]
[Round "2"]
[White "Wang, Xinyuan"]
[Black "Schubert, Nikita"]
[Result "1/2-1/2"]
[Termination "normal"]
[Board "16"]
[WhiteElo "1709"]
[BlackElo "1806"]
[WhiteClock "00:44:51"]
[BlackClock "00:23:35"]
[PlyCount "105"]
[WhiteFideId "16221494"]
[BlackFideId "16212339"]
[EventCountry "GER"]
[EventRounds "9"]
[EventType "swiss"]
[EventDate "2019.06.08"]

1. d4 {[%clk 1:30:45]} 1... Nf6 {[%clk 1:30:53]} 2. c4 {[%clk 1:31:07]} 2... e6
{[%clk 1:31:19]} 3. Nc3 {[%clk 1:31:27]} 3... Bb4 {[%clk 1:31:41]} 4. Qc2 {
[%clk 1:31:52]} 4... O-O {[%clk 1:32:04]} 5. a3 {[%clk 1:32:16]} 5... Bxc3+ {
[%clk 1:32:24]} 6. Qxc3 {[%clk 1:32:40]} 6... d5 {[%clk 1:32:47]} 7. Bg5 {
[%clk 1:32:32]} 7... dxc4 {[%clk 1:24:20]} 8. Qxc4 {[%clk 1:31:36]} 8... b6 {
[%clk 1:24:33]} 9. b4 {[%clk 1:30:08]} 9... c6 {[%clk 1:11:28]} 10. Nf3 { [%clk
1:27:06]} 10... Ba6 {[%clk 1:05:46]} 11. Qc2 {[%clk 1:25:39]} 11... h6 { [%clk
1:02:41]} 12. Bxf6 {[%clk 1:20:29]} 12... Qxf6 {[%clk 1:01:40]} 13. g3 { [%clk
1:20:47]} 13... Bb7 {[%clk 0:40:55]} 14. Bg2 {[%clk 1:15:31]} 14... Nd7 { [%clk
0:39:40]} 15. O-O {[%clk 1:15:03]} 15... Rfd8 {[%clk 0:38:24]} 16. Rfd1 { [%clk
1:14:03]} 16... Rac8 {[%clk 0:37:43]} 17. Rab1 {[%clk 1:13:52]} 17... Ba8
{[%clk 0:31:32]} 18. Qa4 {[%clk 1:10:47]} 18... Rc7 {[%clk 0:31:05]} 19. Rbc1 {
[%clk 1:01:06]} 19... Rdc8 {[%clk 0:30:34]} 20. Nd2 {[%clk 0:39:25]} 20... c5 {
[%clk 0:15:36]} 21. Bxa8 {[%clk 0:35:31]} 21... Rxa8 {[%clk 0:15:47]} 22. bxc5
{[%clk 0:32:52]} 22... bxc5 {[%clk 0:15:45]} 23. Ne4 {[%clk 0:32:30]} 23... Qe7
{[%clk 0:15:56]} 24. Qa5 {[%clk 0:30:56]} 24... Rac8 {[%clk 0:16:10]} 25. dxc5
{[%clk 0:30:04]} 25... Nxc5 {[%clk 0:16:04]} 26. Nd6 {[%clk 0:30:04]} 26... Rd8
{[%clk 0:07:58]} 27. Rxc5 {[%clk 0:29:21]} 27... Rcd7 {[%clk 0:08:12]} 28. Rc6
{[%clk 0:24:51]} 28... Rxd6 {[%clk 0:08:28]} 29. Rdxd6 {[%clk 0:25:14]} 29...
Rxd6 {[%clk 0:08:45]} 30. Rxd6 {[%clk 0:25:28]} 30... Qxd6 {[%clk 0:09:11]} 31.
Qxa7 {[%clk 0:25:40]} 31... Qd1+ {[%clk 0:09:35]} 32. Kg2 {[%clk 0:26:06]}
32... Qxe2 {[%clk 0:10:00]} 33. Qa8+ {[%clk 0:25:58]} 33... Kh7 {[%clk 0:10:20]
} 34. Qf3 {[%clk 0:26:08]} 34... Qa2 {[%clk 0:08:36]} 35. h4 {[%clk 0:25:15]}
35... e5 {[%clk 0:02:55]} 36. h5 {[%clk 0:24:30]} 36... Qc4 {[%clk 0:02:27]}
37. Qf5+ {[%clk 0:24:09]} 37... Kg8 {[%clk 0:02:38]} 38. Qxe5 {[%clk 0:23:52]}
38... Qa4 {[%clk 0:02:47]} 39. Qb8+ {[%clk 0:20:58]} 39... Kh7 {[%clk 0:03:11]}
40. Qb4 {[%clk 0:21:08]} 40... Qc6+ {[%clk 0:02:44]} 41. Kg1 {[%clk 0:21:18]}
41... Qd5 {[%clk 0:02:15]} 42. Qg4 {[%clk 0:20:43]} 42... f5 {[%clk 0:01:10]}
43. Qg6+ {[%clk 0:19:46]} 43... Kh8 {[%clk 0:01:23]} 44. Qe8+ {[%clk 0:20:11]}
44... Kh7 {[%clk 0:01:48]} 45. a4 {[%clk 0:17:59]} 45... Qd1+ {[%clk 0:01:47]}
46. Kg2 {[%clk 0:15:19]} 46... Qd5+ {[%clk 0:02:14]} 47. Kh2 {[%clk 0:15:30]}
47... Qf3 {[%clk 0:02:40]} 48. Qg6+ {[%clk 0:15:24]} 48... Kh8 {[%clk 0:03:01]}
49. Qb6 {[%clk 0:15:30]} 49... Qxh5+ {[%clk 0:02:20]} 50. Kg2 {[%clk 0:15:54]}
50... Qd1 {[%clk 0:01:56]} 51. a5 {[%clk 0:16:14]} 51... Qd5+ {[%clk 0:02:17]}
52. Kg1 {[%clk 0:16:12]} 52... f4 {[%clk 0:23:35]} 53. gxf4 {[%clk 0:44:51]}
1/2-1/2

[Event "DEM U14 2019"]
[Site "Willingen GER"]
[Date "2019.06.09"]
[Round "2"]
[White "Schauties, Nico Antonio"]
[Black "Kolmykov, Egor"]
[Result "1/2-1/2"]
[Termination "normal"]
[Board "19"]
[WhiteElo "1866"]
[BlackElo "1592"]
[WhiteClock "00:05:26"]
[BlackClock "00:12:02"]
[PlyCount "119"]
[WhiteFideId "16206371"]
[BlackFideId "16244613"]
[EventCountry "GER"]
[EventRounds "9"]
[EventType "swiss"]
[EventDate "2019.06.08"]

1. d4 {[%clk 1:30:57]} 1... Nf6 {[%clk 1:30:48]} 2. Nf3 {[%clk 1:31:19]} 2...
g6 {[%clk 1:31:06]} 3. c4 {[%clk 1:31:15]} 3... Bg7 {[%clk 1:31:00]} 4. Nc3 {
[%clk 1:31:37]} 4... d5 {[%clk 1:31:20]} 5. cxd5 {[%clk 1:30:48]} 5... Nxd5 {
[%clk 1:31:40]} 6. e4 {[%clk 1:30:20]} 6... Nxc3 {[%clk 1:31:56]} 7. bxc3 {
[%clk 1:30:41]} 7... c5 {[%clk 1:32:06]} 8. Bb2 {[%clk 1:27:05]} 8... O-O {
[%clk 1:28:52]} 9. Be2 {[%clk 1:26:56]} 9... Qc7 {[%clk 1:26:50]} 10. O-O {
[%clk 1:26:12]} 10... Rd8 {[%clk 1:27:00]} 11. Qb3 {[%clk 1:19:07]} 11... Nc6 {
[%clk 1:24:50]} 12. d5 {[%clk 1:13:57]} 12... Na5 {[%clk 1:21:50]} 13. Qc2 {
[%clk 1:12:54]} 13... c4 {[%clk 1:21:21]} 14. Nd4 {[%clk 1:10:11]} 14... a6 {
[%clk 1:19:43]} 15. Ba3 {[%clk 1:05:04]} 15... b5 {[%clk 1:13:24]} 16. Bb4 {
[%clk 1:04:26]} 16... Bb7 {[%clk 1:13:15]} 17. a4 {[%clk 1:03:19]} 17... Bxd4 {
[%clk 1:08:50]} 18. cxd4 {[%clk 1:01:35]} 18... Nb3 {[%clk 1:08:11]} 19. Rad1 {
[%clk 1:00:08]} 19... a5 {[%clk 1:06:39]} 20. Ba3 {[%clk 1:00:12]} 20... b4 {
[%clk 1:02:25]} 21. Qxc4 {[%clk 0:58:37]} 21... Qxc4 {[%clk 0:58:22]} 22. Bxc4
{[%clk 0:58:33]} 22... Nxd4 {[%clk 0:56:45]} 23. Bb2 {[%clk 0:58:36]} 23... Nc2
{[%clk 0:56:47]} 24. Rc1 {[%clk 0:49:58]} 24... Na3 {[%clk 0:55:48]} 25. Be2 {
[%clk 0:48:47]} 25... Rac8 {[%clk 0:49:50]} 26. Bd3 {[%clk 0:36:32]} 26... e6 {
[%clk 0:46:42]} 27. Rxc8 {[%clk 0:33:26]} 27... Bxc8 {[%clk 0:43:37]} 28. Rc1 {
[%clk 0:29:27]} 28... Bd7 {[%clk 0:41:20]} 29. Bf6 {[%clk 0:21:55]} 29... Rc8 {
[%clk 0:40:00]} 30. Rxc8+ {[%clk 0:18:57]} 30... Bxc8 {[%clk 0:38:09]} 31. Bb5
{[%clk 0:19:06]} 31... Nxb5 {[%clk 0:37:44]} 32. axb5 {[%clk 0:19:34]} 32...
Kf8 {[%clk 0:37:49]} 33. Kf1 {[%clk 0:17:37]} 33... Ke8 {[%clk 0:37:19]} 34.
Ke2 {[%clk 0:15:56]} 34... exd5 {[%clk 0:36:42]} 35. exd5 {[%clk 0:16:04]}
35... Bb7 {[%clk 0:36:59]} 36. f3 {[%clk 0:09:37]} 36... Bxd5 {[%clk 0:37:01]}
37. Kd3 {[%clk 0:09:48]} 37... Kd7 {[%clk 0:35:57]} 38. Kd4 {[%clk 0:08:46]}
38... Ke6 {[%clk 0:30:13]} 39. Bg7 {[%clk 0:08:21]} 39... b3 {[%clk 0:28:54]}
40. Kc3 {[%clk 0:08:45]} 40... f6 {[%clk 0:28:47]} 41. Bf8 {[%clk 0:08:55]}
41... Kf5 {[%clk 0:27:41]} 42. Ba3 {[%clk 0:09:01]} 42... g5 {[%clk 0:27:13]}
43. Kd4 {[%clk 0:08:58]} 43... Ba8 {[%clk 0:22:58]} 44. Kc3 {[%clk 0:03:36]}
44... g4 {[%clk 0:21:34]} 45. Kxb3 {[%clk 0:03:54]} 45... gxf3 {[%clk 0:21:43]}
46. gxf3 {[%clk 0:04:15]} 46... Bxf3 {[%clk 0:20:29]} 47. Kc3 {[%clk 0:03:23]}
47... Kg4 {[%clk 0:20:23]} 48. Kd3 {[%clk 0:03:36]} 48... Kh3 {[%clk 0:20:09]}
49. Ke3 {[%clk 0:03:12]} 49... Bb7 {[%clk 0:19:47]} 50. Kf4 {[%clk 0:01:38]}
50... Bc8 {[%clk 0:18:49]} 51. b6 {[%clk 0:02:02]} 51... h5 {[%clk 0:17:35]}
52. b7 {[%clk 0:02:27]} 52... Bxb7 {[%clk 0:17:55]} 53. Kf5 {[%clk 0:02:56]}
53... Kxh2 {[%clk 0:17:49]} 54. Kxf6 {[%clk 0:03:24]} 54... h4 {[%clk 0:16:56]}
55. Ke5 {[%clk 0:03:40]} 55... Kg2 {[%clk 0:15:46]} 56. Kd4 {[%clk 0:04:04]}
56... Kf3 {[%clk 0:15:23]} 57. Kc3 {[%clk 0:04:12]} 57... Ke4 {[%clk 0:14:48]}
58. Bd6 {[%clk 0:04:40]} 58... Bd5 {[%clk 0:13:23]} 59. Kb2 {[%clk 0:05:02]}
59... Kd3 {[%clk 0:12:02]} 60. Ka1 {[%clk 0:05:26]} 1/2-1/2